| 000 | 01119nam a22002657a 4500 | ||
|---|---|---|---|
| 005 | 20240305165356.0 | ||
| 007 | cr|||| |||| | ||
| 008 | 120420c20079999mx |||| s|||| 0|||b1spa d | ||
| 022 | _a1665-0086 | ||
| 035 | _a6405 | ||
| 040 | _avLex | ||
| 090 |
_c3126 _d3126 |
||
| 245 | 1 | 0 |
_aRevista del Tribunal Federal de Justicia Fiscal y Administrativa _h[Recurso electrónico] |
| 256 | _aServicio en línea | ||
| 260 |
_aColombia : _bEcoe ediciones, _c2007 - |
||
| 300 | _a1 recurso electrónico | ||
| 310 | _aMensual | ||
| 362 | _aNúm. 1 (2007) - | ||
| 506 | 1 |
_aContenido solo disponible en los productos indicados _dvLex Global _dvLex Global (Academic Edition, excluding Law Schools) _dvLex Global (U.S. Academic Edition, Law Schools) _dvLex Global (U.S. Academic Edition, excluding Law Schools) _dvLex Global (Academic Edition, Law Schools) |
|
| 650 | 0 | 4 |
_aJurisprudencia _zMéxico |
| 650 | 0 | 4 |
_aTribunales administrativos _zColombia |
| 740 | 0 | _avLex Revistas (Servicio en línea) | |
| 856 | 4 | 0 | _uhttps://app.vlex.com/#/sources/revista-tribunal-federal-justicia-fiscal-administrativa-6405 |
| 942 | _cRAA | ||
| 999 |
_c161538 _d161538 |
||